| Tag |
First Indicator |
Second Indicator |
Subfields |
| LEADER |
00000cam a22000001a 4500 |
| 001 |
in00003633113 |
| 005 |
20190408152908.0 |
| 006 |
m o d f |
| 007 |
cr bn mmmapmmp |
| 008 |
141127s1909 dcu o f000 0 eng d |
| 035 |
|
|
|a ebd1909201524
|
| 040 |
|
|
|a UMI
|c UMI
|d UtOrBLW
|
| 086 |
0 |
|
|a W 15.4:909/no.16
|
| 099 |
|
|
|a W1504a-36.16
|
| 110 |
1 |
|
|a United States.
|b War Department.
|0 http://id.loc.gov/authorities/names/n79084108
|
| 245 |
1 |
0 |
|a [Order for thorough investigations in disposition of general court-martial cases].
|
| 264 |
|
1 |
|a [Washington] :
|b The Department,
|c 1909.
|
| 300 |
|
|
|a 1 online resource (1 pages)
|
| 336 |
|
|
|a text
|b txt
|2 rdacontent
|
| 337 |
|
|
|a computer
|b c
|2 rdamedia
|
| 338 |
|
|
|a online resource
|b cr
|2 rdacarrier
|
| 533 |
|
|
|a Electronic reproduction.
|b [Bethesda, Md.] :
|c ProQuest,
|d 2014.
|e digital, PDF file.
|n ProQuest U.S. Executive Branch Documents
|n Mode of access: World Wide Web via ProQuest website.
|
| 588 |
|
|
|a Record is based on online resource; title from PDF title page (ProQuest, last viewed Nov. 2014). Reuse except for individual research requires license from ProQuest, LLC.
|
| 500 |
|
|
|a Electronic resource.
|
| 650 |
|
0 |
|a Courts-martial and courts of inquiry.
|0 http://id.loc.gov/authorities/subjects/sh85033588
|
| 650 |
|
0 |
|a Governmental investigations.
|0 http://id.loc.gov/authorities/subjects/sh85056112
|
| 655 |
|
7 |
|a Electronic books.
|2 local
|
| 856 |
4 |
0 |
|u http://proxy.library.tamu.edu/login?url=http://congressional.proquest.com/congressional/docview/t66.d71.w1504a-36.16
|z Connect to the full text of this electronic document
|t 0
|
| 999 |
f |
f |
|s f606c316-9404-3185-a9a8-819a667c3a7a
|i 00247587-8a32-30d4-a06d-6447010d03db
|t 0
|
| 952 |
f |
f |
|a Texas A&M University
|b College Station
|c Electronic Resources
|d Available Online
|t 0
|h No information provided
|
| 998 |
f |
f |
|t 0
|l Available Online
|